书目信息 |
| 题名: |
精细化工实验
|
|
| 作者: | 李浙齐 主编 | |
| 分册: | ||
| 出版信息: | 北京 国防工业出版社 2009.03 |
|
| 页数: | 242页 | |
| 开本: | 26cm | |
| 丛书名: | ||
| 单 册: | ||
| 中图分类: | TQ062-33 | |
| 科图分类: | ||
| 主题词: | 精细化工--jing xi hua gong--化学实验--高等学校--教材 | |
| 电子资源: | ||
| ISBN: | 978-7-118-06158-1 | |
| 000 | 00966nam0 2200253 450 | |
| 001 | 012009014998 | |
| 005 | 20090820114112.29 | |
| 010 | @a978-7-118-06158-1@dCNY25.00 | |
| 100 | @a20090820d2009 em y0chiy0120 ea | |
| 101 | 0 | @achi |
| 102 | @aCN@b110000 | |
| 105 | @aak a 000yy | |
| 106 | @ar | |
| 200 | 1 | @a精细化工实验@Ajing xi hua gong shi yan@f李浙齐主编@Fli zhe qi zhu bian |
| 210 | @a北京@c国防工业出版社@d2009.03 | |
| 215 | @a242页@c图@d26cm | |
| 300 | @a高等院校实验实践课程“十一五”规划教材 | |
| 320 | @a有书目 (第241-242页) | |
| 330 | @a本书以精细化工中最常用的领域为内容,精选了难易程度不同的64个实验,较为详细地介绍了精细化学品的性质、用途及制备方法。附录中介绍了精细化工常用仪器与设备使用的方法,部分精细化学品的国家标准及常用实验参数。 | |
| 606 | 0 | @a精细化工@Ajing xi hua gong@x化学实验@x高等学校@j教材 |
| 690 | @aTQ062-33@v4 | |
| 701 | 0 | @a李浙齐@Ali zhe qi@4主编 |
| 801 | 0 | @aCN@bQSSK@c20090820 |
| 905 | @b751452-54@dTQ062-33@eL335@f3 | |
| 精细化工实验/李浙齐主编.-北京:国防工业出版社,2009.03 |
| 242页:图;26cm |
| 高等院校实验实践课程“十一五”规划教材 |
| ISBN 978-7-118-06158-1:CNY25.00 |
| 本书以精细化工中最常用的领域为内容,精选了难易程度不同的64个实验,较为详细地介绍了精细化学品的性质、用途及制备方法。附录中介绍了精细化工常用仪器与设备使用的方法,部分精细化学品的国家标准及常用实验参数。 |
| ● |
| 相关链接 |
|
|
|
正题名:精细化工实验
索取号:TQ062-33/L335
 
预约/预借
| 序号 | 登录号 | 条形码 | 馆藏地/架位号 | 状态 | 备注 |
| 1 | 751452 | 207514527 | 自科库501/501自科库 138排7列4层/ [索取号:TQ062-33/L335] | 在馆 | |
| 2 | 751453 | 207514536 | 自科库501/501自科库 138排7列4层/ [索取号:TQ062-33/L335] | 在馆 | |
| 3 | 751454 | 207514545 | 期刊室512/501自科库 138排7列4层/ [索取号:TQ062-33/L335] | 在馆 |